000 00450nam a2200157Ia 4500
003 OSt
005 20230602101511.0
008 211028s2012 xx 000 0 und d
040 _cAIMIT LIBRARY
041 _aeng
100 _aMonis, Jenifer Liza; Nausheeda.
_98350
_e101912
110 _aNausheeda
_98351
245 _aERP solution for ayurvedic medicine manufacturing unit (purchase management).
260 _aMangalore
_c2012
942 _2ddc
_cPRO
999 _c219844
_d219844